000 00354cam a2200145ua 4500
041 _aeng
_h
082 _a828.09
_bDOH/AS
100 _aDoherty, G D .
245 _aAspects of science fiction /
_cG D Doherty.
_hTextual Documents
260 _aLondon :
_bJohn Murray ,
_c1963.
300 _a218 ; .
504 _a
942 _cBK
999 _c12539
_d12539